000 00954nas a2200313 4500
001 BR2012007263
003 BR-BrBNA
005 20231205121224.0
007 ta
008 230509b bl.|||p| |||| 00| 00por d
040 _aBR-BrBNA
_bpor
_cBiblioteca Nacional de Agricultura
041 _a(Pt)
072 _aL40
100 1 _aStreit Jr., D.P.
100 1 _aOliveira, A.C. de
100 1 _aRibeiro, R.P.
100 1 _aSirol, R.N.
100 1 _aMoraes, G.V. de
100 1 _aGalo, J.M.
100 1 _aDigmayer, M.
245 1 _aMotilidade, vigor e patologias seminal, in natura e pós criopreservação de Piaractus mesopotamicus
650 _aPACU
650 _aMORFOLOGIA ANIMAL
650 _aESPERMATOZÓIDE
650 _aCRIOPRESERVAÇÃO
773 0 _tBoletim do Instituto de Pesca (Brazil)
_xISSN 0046-9939
_g(Apr-Jun 2009), v. 35(2) p. 159-167
_wBR2012007263
909 _a202311
_bLúcia
_c55
_dLúcia Elande
942 _2AGRIS
_n0
_cANA
999 _c222408
_d222408